000 00282nam a22001337a 4500
003 SGT
082 _aPAL 512
100 _aPAL,MADHUMANGAL
245 _aADVANCED ALGEBRA
260 _aNEW DELHI
_bPHI
_c2013
300 _a620
650 _aALGEBRA, MATHEMATICS
942 _2ddc
_cFPS
_01
999 _c10193
_d10193